|
|
|
|
| LEADER |
00000nab a2200000ua 4500 |
| 001 |
vtls010775709 |
| 003 |
SK-MaSNL |
| 005 |
20260304020544.0 |
| 008 |
230222s1970 xo |||||||||||||||||slo| |
| 035 |
|
|
|a (urnnbn)urn:nbn:sk:snk:ar-a03wcc
|
| 035 |
|
|
|a (uuid)6c204bc4-e096-47bc-b208-956ef8d2827b
|
| 035 |
|
|
|a urn:nbn:sk:snk-ab5fun
|
| 040 |
|
|
|a SNKBUCL
|b slo
|c SNKBUCL
|e AACR2
|
| 041 |
0 |
|
|a slo
|
| 044 |
|
|
|a xo
|c SK
|
| 100 |
1 |
|
|a Darmo, Jozef,
|d 1932-2021
|4 aut
|9 189984
|
| 245 |
1 |
0 |
|a Propaganda
|c Jozef Darmo
|
| 773 |
0 |
|
|t Otázky žurnalistiky : revue pre výskum masových komunikačných prostriedkov
|g Roč. 12, č. 1 (1970), s. 8-[12]
|
| 954 |
|
|
|a odborná, vedecká literatúra pôvodná (slovenská)
|2 lita
|
| 958 |
|
|
|a OND
|
| 958 |
|
|
|a EUIPO
|
| 958 |
|
|
|a article3
|
| 999 |
|
|
|c 2599554
|d 2601484
|